000 00388nam a2200133 a 4500
005 20140414131933.0
008 110111s19uu xx 00 eng d
050 _aREF 423
_bC69 2005
245 _aCollins dictionary and thesaurus.
250 _aInternational edition
650 _aEnglish language
_xDictionaries.
650 _aEnglish language
_xSynonyms and antonyms.
999 _c112327
_d112327